000 00868nam a2200253 i 4500
001 bg
100 1 _aJędrysiak, Tadeusz.
245 1 0 _aTurystyka kulturowa /
_cTadeusz Jędrysiak.
260 _aWarszawa :
_bPolskie Wydawnictwo Ekonomiczne,
_c2008.
300 _a149, [1] s. :
_bil. kolor. ;
_c24 cm.
504 _aBibliogr. s. 147-[150].
521 _aDla studentów różnych typów szkół na kierunkach związanych z turystyką, krajoznawstwem, geografią turystyczną i hotelarstwem.
650 9 _aTurystyka kulturalna
655 _aPodręczniki akademickie
020 _a9788320817591
040 _cBPK
041 _apol
044 _aPOL
080 _a338.48:7/8
920 _a978-83-208-1759-1
942 _cKS
008 s pl f |000 0 pol
999 _c55600
_d55600
856 _uhttp://koha.tu.koszalin.pl/cgi-bin/koha/opac-detail.pl?biblionumber=55600
_yKatalog online BPK